000 01066cam a2200337 a 4500
001 16000318
003 OSt
005 20170105102902.0
008 091130s2010 mauab b 001 0deng
010 _a 2009942330
020 _a9780495901150 (complete)
020 _a0495901156 (complete)
020 _a9780495901174 (v. 1)
020 _a045901172 (v. 1)
020 _a9780495901167 (v. 2)
020 _a0495901164 (v. 2)
040 _aDLC
_cDLC
042 _apcc
050 0 0 _aCB245
_b.P418 2010
082 _a909.09821
_bPER 2010
100 1 _aPerry, Marvin.
245 1 0 _aWestern civilization :
_ba brief history /
_cMarvin Perry ; George W. Bock, editorial associate.
250 _a7th ed.
260 _aBoston, MA :
_bWadsworth/Cengage,
_c2010.
300 _axvi, 562 p. :
_bill., maps ;
_c24 cm.
504 _aIncludes bibliographical references and index.
650 0 _aCivilization, Western
_xHistory
_vTextbooks.
906 _a7
_bcbc
_corignew
_d2
_eepcn
_f20
_gy-gencatlg
942 _2ddc
_cBK
999 _c14707
_d14707